Tomorrow's Faith (Record no. 120047)
[ view plain ]
| 000 -LEADER | |
|---|---|
| fixed length control field | 00378nam a22001217a 4500 |
| 008 - FIXED-LENGTH DATA ELEMENTS--GENERAL INFORMATION | |
| fixed length control field | 140212b xxu||||| |||| 00| 0 eng d |
| 050 ## - LIBRARY OF CONGRESS CALL NUMBER | |
| Classification number | BT77.S642 2005 |
| 100 ## - MAIN ENTRY--PERSONAL NAME | |
| Personal name | Smith, Adrian B. |
| 9 (RLIN) | 8628 |
| 245 ## - TITLE STATEMENT | |
| Title | Tomorrow's Faith |
| Remainder of title | A New Framework of Christian Belief |
| Statement of responsibility, etc | Adrian Smith |
| 260 ## - PUBLICATION, DISTRIBUTION, ETC. (IMPRINT) | |
| Place of publication, distribution, etc | Winchester |
| Name of publisher, distributor, etc | O Books |
| Date of publication, distribution, etc | 2005 |
| 300 ## - PHYSICAL DESCRIPTION | |
| Extent | xi, 107p.; 22cm. |
| 942 ## - ADDED ENTRY ELEMENTS (KOHA) | |
| Source of classification or shelving scheme | Library of Congress Classification |
| Item type | Monograph ( Printed materials) |
| Withdrawn status | Lost status | Source of classification or shelving scheme | Damaged status | Not for loan | Home library | Current library | Shelving location | Date acquired | Total Checkouts | Full call number | Barcode | Date last seen | Price effective from | Koha item type |
|---|---|---|---|---|---|---|---|---|---|---|---|---|---|---|
| Library of Congress Classification | ARRUPE LIBRARY | ARRUPE LIBRARY | Main Collection | 12/02/2014 | BT77.S642 2005 | 46410582 | 11/01/2017 | 12/02/2014 | Monograph ( Printed materials) |